Music Quiz

Random Music or Pop Music Quiz

Barenaked Ladies Albums Quiz Stats

 Plays Quiz Updated Aug 6, 2021

     
Support Sporcle.
Go Orange.
Score 0/15 Timer 03:00
0 Plays Today
Year Released Album Title % Correct
1998Stunt
81.2%
1992Gordon
80.3%
2000Maroon
73.5%
1996Born on a Pirate Ship
62.2%
1994Maybe You Should Drive
53.4%
2006Barenaked Ladies Are Me
50.8%
2003Everything to Everyone
48.2%
2017Fake Nudes
46.9%
Year Released Album Title % Correct
2015Silverball
45.5%
2007Barenaked Ladies Are Men
44.3%
2013Grinning Streak
37.2%
2021Detour de Force
36%
2008Snacktime!
35.9%
2004Barenaked for the Holidays
32.3%
2010All in Good Time
15.3%

From the Vault

Africa's Largest Cities

by Ben

Geography 15m
This is the quiz for those who think Sporcle can no longer teach them anything new.
Remove Ads.
Support Sporcle.
Get the best of Sporcle when you Go Orange. This ad-free experience offers more features, more stats, and more fun while also helping to support Sporcle. Thank you for becoming a member.

Show Comments

Extras

Top Quizzes Today


Score Distribution

Your Account Isn't Verified!

In order to create a playlist on Sporcle, you need to verify the email address you used during registration. Go to your Sporcle Settings to finish the process.

Report this User

Report this user for behavior that violates our Community Guidelines.

Details: